Hazardous waste management (Record no. 395767)
[ view plain ]
| 000 -LEADER | |
|---|---|
| fixed length control field | 00596 a2200229 4500 |
| 005 - DATE & TIME | |
| control field | 20260317090619.0 |
| 008 - FIXED-LENGTH DATA ELEMENTS--GENERAL INFORMATION | |
| fixed length control field | 260316b |||||||| |||| 00| 0 eng d |
| 020 ## - ISBN | |
| International Standard Book Number | 9789384007607 |
| Price | Rs. 2195.00 |
| 040 ## - CATALOGING SOURCE | |
| Original cataloging agency | VIVEKANANDA LIBRARY |
| 082 ## - DDC NUMBER | |
| Classification number | 363.72876 |
| Book Number | L138H(2) |
| 100 ## - MAIN ENTRY--PERSONAL NAME | |
| Personal name | Lagrega, Michael D |
| 245 ## - TITLE STATEMENT | |
| Title | Hazardous waste management |
| 250 ## - EDITION STATEMENT | |
| Edition statement | 2nd |
| 260 ## - PUBLICATION, DISTRIBUTION, ETC. (IMPRINT) | |
| Name of publisher, distributor, etc | Medtech |
| Date of publication, distribution, etc | 2025 |
| Place of publication, distribution, etc | New Delhi |
| 300 ## - PHYSICAL DESCRIPTION | |
| Pages | xxiv, 1202 |
| 650 ## - Subject | |
| Subject | Environment Science |
| 650 ## - Subject | |
| Subject | Solid Waste Management |
| 650 ## - Subject | |
| Subject | Pollution |
| 700 ## - Added Entry Personal Name | |
| Added Entry Personal Name | Buckingham, Phillip L |
| 700 ## - Added Entry Personal Name | |
| Added Entry Personal Name | Evans, Jeffrey C |
| 942 ## - ADDED ENTRY ELEMENTS (KOHA) | |
| Koha item type | Books |
| Withdrawn status | Lost status | Source of classification or shelving scheme | Damaged status | Not for loan | Location (home branch) | Sublocation or collection (holding branch) | Shelving location | Date acquired | Koha issues (times borrowed) | Koha full call number | Accession No. | Koha date last seen | Koha item type |
|---|---|---|---|---|---|---|---|---|---|---|---|---|---|
| Dewey Decimal Classification | VIVEKANANDA LIBRARY | VIVEKANANDA LIBRARY | Vivekananda Library | 17/02/2026 | 363.72876 L138H(2) | 438310 | 17/02/2026 | Books |
